The Oxford Handbook of Entrepreneurial Finance /

Estudio desarrollado por 38 autores de diferentes países que plantean una visión general sobre la planeación financiera de los negocios, las diversas fuentes de financiamiento para invertir en su desarrollo y los problemas relacionados con las políticas financieras del entorno internacional.

Guardado en:
Detalles Bibliográficos
Autor principal: Cumming, Douglas (ed.)
Formato: Libro
Idioma:Inglés
Publicado: Nueva York, EUA : Oxford University, 2012, c2012
Colección:(Oxford Handbooks)
Temas:
Etiquetas: Agrega una etiqueta
Sin etiquetas, Sé el primero en etiquetar este registro!

MARC

LEADER 00000nam^a2200000^a^4500
001 000380505
005 20250521000000.0
009 20260310120605.067
020 |a 978-0-19-539124-4 
037 |a Acervo ITESO - Biblioteca 
041 |a ING 
082 |a 330.  |b OXF ECO V. 3 
100 |a Cumming, Douglas  |e (ed.) 
240 1 1 |a [Oxford Handbooks of Economic Sciences] 
245 1 4 |a The Oxford Handbook of Entrepreneurial Finance /  |c Ed. de D. Cumming. 
264 4 |a Nueva York, EUA :  |b Oxford University,  |c 2012, c2012 
300 |a XVIII, 918 p. 
336 |a texto  |b txt  |2 rdacontenido 
337 |a sin mediación  |b n  |2 rdamedio 
338 |a volumen  |b nc  |2 rdasoporte 
440 1 |a (Oxford Handbooks) 
520 |a Estudio desarrollado por 38 autores de diferentes países que plantean una visión general sobre la planeación financiera de los negocios, las diversas fuentes de financiamiento para invertir en su desarrollo y los problemas relacionados con las políticas financieras del entorno internacional. 
521 |a Peticiones 2016 Juan Diego Sánchez Torres 
649 |a XX 
650 |a Empresas 
650 |a Planeación Económica 
650 |a Financiamiento (de Empresas, Proyectos, etc.) 
650 |a Inversiones 
650 |a Capital 
650 |a Política Financiera 
650 |a Administración Financiera -  |x Tema Principal 
650 |a Finanzas -  |x Tema Principal 
650 |a Economía 
910 |a Fondo General 
920 |a Impresos - Libros 
930 |a Colección General 
905 |a 101 
901 |a 0500275400  |b IT1  |c ACC  |i C152095  |u 20250521 
902 |a https://opac.biblio.iteso.mx/vufind/Record/000380505